Estadísticas para Argentinos con más partidos en la liga española

Haz click aquí para intentar la prueba.

Estadísticas generales

  • Esta prueba ha sido intentada 145 veces
  • La puntuación promedio es 8 de 25

Estadísticas de respuestas

Años en La LigaClub/ClubesPartidosJugador% Correcto
2004-2021FC Barcelona520Messi
100%
1953-1967Real Madrid, RCD Espanyol329Di Stefano
62%
2010-2018FC Barcelona203Mascherano
57%
2006-2011, 2021Atlético de Madrid, FC Barcelona179Aguero
53%
2015-2023Atlético de Madrid272Correa
45%
2007-2013Real Madrid190Higuaín
43%
2003-2011Real Zaragoza, FC Barcelona187Gabriel Milito
40%
1992-1996/ 2003-2005Sevilla FC, Atlético de Madrid197Simeone
40%
1990- 2000CD Tenerife, Real Madrid268Redondo
36%
2008-2016/ 2017-2020Valencia CF, Atlético de Madrid, Sevilla FC315Banega
34%
2001-2008Valencia CF, Real Zaragoza215Aimar
31%
2001-2004/ 2005-2009/ 2012- 2013FC Barcelona, Sevilla FC, Real Madrid, Málaga CF195Saviola
29%
1997-2006/ 2008-2009RC Deportivo, Racing Santander, RCD Mallorca258Scaloni
29%
1976-1981, 1984-1986Valencia CF, Hércules CF222Kempes
25%
1998-2010RCD Mallorca, Atlético de Madrid, Villarreal CF343Ibagaza
18%
2000-2008, 2009/2010Valencia CF, Villarreal CF, Real Zaragoza233Ayala
17%
1994-2001/ 2004-2006RCD Espanyol261Pochettino
17%
2008-2022UD Almería, Valencia CF, RCD Espanyol, Elche CF313Piatti
15%
2016-2023Real Sociedad, Villarreal CF197Rulli
15%
2006-2011/ 2016-2020Racing Santander, Real Madrid, Valencia CF201Garay
14%
2002-2010RCD Espanyol, Atlético de Madrid232Maxi Rodriguez
11%
1998-2009/ 2010-2014CP Mérida, Atlético de Madrid, Real Zaragoza329Leo Franco
7%
2000-2011RC Deportivo, Racing Santander, Sevilla FC, RCD Espanyol246Duscher
6%
2000-2004/ 2005-2008Deportivo Alavés, Atlético de Madrid, Villarreal CF, RC Deportivo196Coloccini
2%
2004-2012Villarreal CF184Gonzalo Rodríguez
2%

Distribución de puntuación

Porcentaje por número respondido

Porcentaje de gente con cada puntuación

Historial de tus puntuaciones

No has intentado esta prueba.